1014 1108 1575 1086 1983 1462 1513 1190 1464 1441 1310 1885 1795 1125 1169 1110 1165 1231 1665 1392 1387 1690 1826 1608 1503 1431 1998 1786 1542 1889 1176 1895 1217 1082 1445 1529 1329 1733 1097 1444 1389 1413 1190 1179 1111 1445 1066 1629 1466 1165 1186 1743 1912 1670 1816 1610 1990 1592 1222 1914 1839 1621 1698 1188 1962 1074 1047 1664 1293 1970 1448 1313 1602 1618 1676 1158 1891 1419 1029 1752 1961 1140 1644 1968 1138 1045 1516 1023 1263 1943 1174 1453 1881 1653 1480 1903 1231 1449 1847 BCNSPRNW ULIB Ver.6.0+V

เปลี่ยนเป็นภาษาไทย

Change to English
 แสดงรายละเอียดบรรณานุกรม
  กลับหน้าหลัก

Brief Record : Get Marc (ISO 2709) : E-mail record : QR code < ปิดหน้าต่าง
LEADER : 00000nam 2200000uu 4500
001    13399120061
003     ULIB
008    120828s2550||||th 000 0 tha d
020    ^a9789748467795
090    ^aนว.^bซ510ด 2550
100 0  ^aเซอาร่า
245 00 ^aangerous Prince idol เสียศูนย์นัก รัก Idol ตัวร้าย 2/^cเซอาร่า
250    ^aพิมพ์ครั้งที่ 1
260    ^aกรุงเทพฯ :^bบงกชบุ๊คส์,^c2550
300    ^a266 หน้า
710 1  ^aบงกชบุ๊ค
945    ^p0^l0^i14455
995    ^aกัณชพร
999 ^a ใช้งานได้ทุกระบบ
รายการนี้ยังไม่มีแท็ก
คุณยังไม่ได้ล็อกอิน คุณสามารถมีกิจกรรมร่วมกับเว็บไซต์ได้ แต่ต้องล็อกอินก่อน ::
  ล็อกอิน

รายการสื่อสารสนเทศ

ลำดับที่ ประเภท เลขเรียก/บาร์โค้ด สถานที่ สถานะ
1. นวนิยาย
นวนิยาย
นว. ซ510ด 2550  
  Barcode: 14455
ห้องสมุดวิทยาเขตสวรรค์ประชารักษ์
►นวนิยาย
บนชั้น
  ขอยืม

BibComment


ยังไม่เคยถูกคอมเมนท์

คอมเมนท์ทรัพยากรรายการนี้
  คอมเมนท์: angerous Prince ..


 Copyright 2026. Bcnsprnw @Library